| 000 | 00731nam a2200193 i 4500 | ||
|---|---|---|---|
| 001 | 70147 | ||
| 003 | ES-MaACL | ||
| 005 | 20250729020314.0 | ||
| 007 | t| | ||
| 008 | 040719s1951 sp ||||1| spa d | ||
| 100 | 1 |
_aGarcía Pastor, Jesús. _955083 |
|
| 245 | 1 | 0 |
_aCatálogo de incunables de la Biblioteca Pública de Palma de Mallorca / _credactado por su director Jesús García Pastor. |
| 260 |
_aMadrid : _b[s.n., _c1951] ( _fImp. Góngora) |
||
| 300 |
_a348 p. ; _c22 cm. |
||
| 500 | _aPrecede al tít.: Cuerpo Facultativo de Archiveros, Bibliotecarios y Arqueólogos. | ||
| 710 | 2 |
_aCuerpo Facultativo de Archiveros, Bibliotecarios y Arqueólogos _93354 |
|
| 852 |
_aES-MaACL _jD-9111 _bR.34454 |
||
| 999 |
_c70147 _d70147 |
||